Administratívna budova - monolitická železobetónová konštrukcia
Salvato in:
| Autore principale: | |
|---|---|
| Altri autori: | |
| Natura: | Manoscritto Libro |
| Lingua: | slovacco |
| Pubblicazione: |
2016
|
| Soggetti: | |
| Accesso online: | http://is.stuba.sk/zp/portal_zp.pl?podrobnosti=117544 https://opac.crzp.sk/?fn=detailBiblioForm&sid=A86BEDB9942C84EDDC943E8BE596 |
| Tags: |
Nessun Tag, puoi essere il primo ad aggiungerne!!
|
MARC
| LEADER | 00000ntm a22000003a 4500 | ||
|---|---|---|---|
| 001 | stuzp56688 | ||
| 003 | SK-STU | ||
| 005 | 20230906154528.0 | ||
| 007 | ta | ||
| 008 | 150427s2015----xo-----f-mn---000-0-slo-d | ||
| 040 | |a STU |b slo | ||
| 041 | 0 | |a slo | |
| 100 | 1 | |a Irsáková, Corinna |u 010110 |4 aut |U SvF Stavebná fakulta |T SvF Katedra betónových konštrukcií a mostov |X 7563 |U V110 |Y 11 |7 A000007563 | |
| 242 | 0 | 1 | |a The office building - cast in-situ reinforced concrete structure |y eng |
| 245 | 1 | 0 | |a Administratívna budova - monolitická železobetónová konštrukcia |
| 260 | |c 2016 | ||
| 650 | 4 | |a stropná doska |2 slo | |
| 650 | 4 | |a statická analýza |2 slo | |
| 650 | 4 | |a vysoká budova |2 slo | |
| 650 | 4 | |a tall building |2 eng | |
| 650 | 4 | |a static analys |2 eng | |
| 650 | 4 | |a ceiling board |2 eng | |
| 700 | 1 | |a Borzovič, Viktor |u 010110 |k Z1 |4 ths |U SvF Stavebná fakulta |T SvF Katedra betónových konštrukcií a mostov |X 3688 |U V110 |Y 11 |7 A000003688 | |
| 856 | 4 | |u http://is.stuba.sk/zp/portal_zp.pl?podrobnosti=117544 | |
| 856 | 4 | |u https://opac.crzp.sk/?fn=detailBiblioForm&sid=A86BEDB9942C84EDDC943E8BE596 | |
| SQL | |a stuzp56688 |b DDP |c SLO |d Administratívna budova - monolitická železobetónová konštrukcia |e 7563 |f Irsáková, Corinna |g 010110 |h 3688 |i Borzovič, Viktor |j 20160614 |k 945 |l 01 |m http://is.stuba.sk/zp/portal_zp.pl?podrobnosti=117544 |n I-NKS |o 5.1.5. inžinierske konštrukcie a dopravné stavby | ||